000 00535nam a2200169Ia 4500
999 _c7412
_d7412
003 OSt
005 20200514110950.0
008 190216s9999||||xx |||||||||||||| ||und||
040 _coclc
082 _a332.6320973
_bGUP/S
100 _aGupta, Alka
_9705
245 0 _aSecurity Analysis And Portfolio Management /
_cAlka Gupta
260 _bLakshmi Narain Agarwal Publications,
_aAgra:
300 _a378p
650 0 _aSocial sciences
_vEconomics
_91086
942 _cBK
_2ddc
_h332.6320973
_iGUP/S
_k332.6320973
_mGUP/S